Psicopatología general
Saved in:
| Hovedforfatter: | |
|---|---|
| Format: | Bog |
| Sprog: | spansk |
| Udgivet: |
Buenos Aires
Beta
1963
|
| Fag: | |
| Tags: |
Tilføj Tag
Ingen Tags, Vær først til at tagge denne postø!
|
MARC
| LEADER | 00000nam a2200000 a 4500 | ||
|---|---|---|---|
| 001 | UCY4622 | ||
| 003 | CL-VaPUC | ||
| 008 | 950321e19630000AG |||||||||||||||||spa|d | ||
| 082 | 0 | 4 | |a 616.89 |b JAS |2 21 |
| 100 | |a Jaspers, Karl |e author |9 334584 | ||
| 245 | 1 | 0 | |a Psicopatología general |
| 300 | |a 1005 p | ||
| 942 | |c BK | ||
| 945 | |d 19950321 00:00:00 |a rbrito | ||
| 260 | |a Buenos Aires |b Beta |c 1963 | ||
| 650 | 0 | |a Psiquiatría |9 308427 | |
| 650 | 0 | |a Psicopatología |9 307473 | |
| 583 | |a last modification |c 19950321 00:00:00 |k Rodrigo Vera | ||
| 999 | |c 232420 |d 232418 | ||
| 952 | |0 0 |1 0 |4 0 |6 616_890000000000000_JAS_1963 |7 0 |8 X |9 236792 |a BIBEDU |b BIBEDU |d 2019-11-15 |i 3065499 |o 616.89 JAS 1963 |p 3065499 |r 2023-01-13 |w 2019-11-15 |y BK_X |k EDU | ||